000 00290nam a22001337a 4500
008 181210b xxu||||| |||| 00| 0 eng d
020 _a0721667554
041 _aeng
080 _a510
100 _a37
101 _amat
245 _aElementary Linear Algebra
_cNering
942 _2udc
_cBK
999 _c53110
_d53110